000 00636cam a2200205 4500
001 BUCI005014
008 t19701965Ag g spa
035 _aBUCI005014
100 1 _aSchieder, Theodor
245 1 3 _aLa Historia como Ciencia :
_bUna Introducción /
_cTheodor Schieder ; versión castellana de Rafael Gutiérrez Girardot.
250 _a1a ed.
260 _aBuenos Aires :
_bSur,
_c1970
300 _a161 p. ;
_c20 cm.
440 0 _aEstudios Alemanes
500 _a1 ejemplar
650 4 _aHistoria
_xMetodología.
700 1 _aGutiérrez Girardot, Rafael,
_etr.
942 _2lcc
_cLIB
999 _c75065
_d75065